000 ncm a22 a 4500
999 _c350333
_d350333
003 BLK
005 20200408105455.0
008 200401b bu |||||r|||| 00| 0 bu d
040 _aBLK
041 _aRUS
_cRUS
080 _aНародни песни - исторически, хороводни, обичайни
_b784.4
_x(470)
_z784.4(470)
139 _aРусские песни
_bР 93
245 _aРусские песни
_bстаринные народные песни
257 _aRUS
260 _9211661
_aЛенинград
_bМузгиз
_c1953
300 _a510 с
_bсноти
_c14 см
380 _a7
500 _aнотирана музика на старинни руски песни
650 0 _9316607
_aПесни, руски
650 7 _9166108
_aПесни
653 7 _9195903
_aруски народни песни
700 _91478
_aИванов, Азарий
_eсъстав.
852 _aЦб М І 31
_bЦб
942 _cNOT
_n0
_s1
944 _aCR
_c2020-04-01
_kМикаела Микова - Илиева
_l2020-04-01
999 _d350333